000 00352 a2200145 4500
001 169532
020 _a
040 _cMagnum
100 _aRhoden, Joao Claudio
240 1 0 _aA escola particular e a democratizacao do ensino
_lpor
245 1 0 _aA escola particular e a democratizacao do ensino
362 0 _a1899
697 _aENSINO
942 _cBK
999 _c169532
_d169532